| 000 | 02204nkm0a2200409 4500 | ||
|---|---|---|---|
| 001 | RU\NLR\DIGIT\525822 | ||
| 005 | 20250806204427.0 | ||
| 035 | _a(NLR Aleph) 010459967 | ||
| 090 |
_a75669 _c75669 |
||
| 100 | _a20250806 rusy50 | ||
| 101 | 0 | _arus | |
| 102 | _aRU | ||
| 116 | _adiycxx zz ad | ||
| 135 | _acrcn 024anaba | ||
| 200 | 1 |
_aПри загорании или пожаре вызывайте по телефону 01 или АБ "Пожарную помощь" _e[Плакат] |
|
| 210 |
_a[Ленинград] _cЛТ УН-9 _d[1941-1943] |
||
| 215 | _a1 л. | ||
| 325 | _aКопия доступна в Электрон. б-ке РНБ http://vivaldi.nlr.ru/la000070037/view | ||
| 327 | _aИнформация о телефонах пожарной службы | ||
| 517 | 1 | _aСообщите точный адрес пожара... | |
| 540 | 1 | _aПо пожарному сигналу разбей стекло, нажми кнопку | |
| 606 | 1 |
_aБлокада Ленинграда _z1941 - 1944 _jПлакаты _2nlr_sh1 _2nlr_sh2 _3RU\NLR\AUTH\661253360 |
|
| 608 | _aПлакаты инструктивно-методические | ||
| 610 | 0 | _aПлакаты | |
| 801 | 2 |
_aRU _bNLR _c20140808 _2rusmarc |
|
| 830 | _aВ каталоге "ЛЕНИНГРАД В ВЕЛИКОЙ ОТЕЧЕСТВЕННОЙ ВОЙНЕ : Печать Ленинграда, 1941 - 1945 : каталог изданий, хранящихся в фондах Гос. Публ. б-ки, вып.2. Листовки, плакаты, открытки, альбомы" (Ленинград, 1972) не значится | ||
| 852 |
_aNLR _bЛ3-310 п _j8/1-1 |
||
| 856 | 0 | _uhttp://vivaldi.nlr.ru/la000070037/view | |
| 856 | 1 | _uhttp://vivaldi.nlr.ru/la000070037/cover | |
| 856 | 2 | _uhttp://vivaldi.nlr.ru/la000070037/text | |
| 942 | _cVISUAL | ||
| 945 | _aРоссийская национальная библиотека | ||
| 980 | _aBV | ||
| 981 | 1 | 7 |
_a(17) Изографические материалы _b(17) Плакаты |
| 981 | 3 | 7 | _a(37) Ленинград в Великой Отечественной войне |